Lógica (Registro nro. 6017)
[ vista simple ]
| 000 -LEADER | |
|---|---|
| fixed length control field | 00942 a2200217 4500 |
| 001 - CONTROL NUMBER | |
| control field | 56718 |
| 005 - DATE AND TIME OF LATEST TRANSACTION | |
| control field | 20260407155830.0 |
| 008 - FIXED-LENGTH DATA ELEMENTS--GENERAL INFORMATION | |
| fixed length control field | 260407a1962 arg spa d |
| 003 - CONTROL NUMBER IDENTIFIER | |
| control field | AR-UNSa-BCEJYS |
| 040 ## - CATALOGING SOURCE | |
| Original cataloging agency | AR-UNSa-BCEJYS |
| Language of cataloging | spa |
| Transcribing agency | AR-UNSa-BCEJYS |
| 080 ## - UNIVERSAL DECIMAL CLASSIFICATION NUMBER | |
| Universal Decimal Classification number | 16 |
| Common auxiliary subdivision | Lógica. Epistemología. Teoría del conocimiento |
| 041 ## - LANGUAGE CODE | |
| Language code of text/sound track or separate title | spa |
| 100 1# - MAIN ENTRY--PERSONAL NAME | |
| Personal name | Romero, Francisco |
| 245 10 - TITLE STATEMENT | |
| Title | Lógica |
| Name of part/section of a work | y nociones de teoría del conocimiento |
| 250 ## - EDITION STATEMENT | |
| Edition statement | 18a. ed. |
| 264 #1 - PRODUCTION, PUBLICATION, DISTRIBUTION, MANUFACTURE, AND COPYRIGHT NOTICE | |
| Place of production, publication, distribution, manufacture | Buenos Aires : |
| Name of producer, publisher, distributor, manufacturer | Espasa-Calpe Argentina |
| Date of production, publication, distribution, manufacture, or copyright notice | 1962 |
| 300 ## - PHYSICAL DESCRIPTION | |
| Extent | 253 p. |
| Dimensions | 22 cm. |
| 505 ## - FORMATTED CONTENTS NOTE | |
| Formatted contents note | 1. El pensamiento y la lógica - 2. Los principios lógicos - 3. El concepto - 4. El juicio - 5. La definición - 6. El razonamiento - 7. El silogismo - 8. Nociones de lógica moderna - 9. El método - 10. La lógica matemática - 11. La lógica de las ciencias naturales - 12. Las ciencias del espíritu y la filosofía |
| 590 ## - LOCAL NOTE (RLIN) | |
| Local note | niveau_biblio:m niveau_hierar:0 |
| 942 ## - ADDED ENTRY ELEMENTS (KOHA) | |
| Koha item type | |
| Withdrawn status | Lost status | Damaged status | Not for loan | Home library | Current library | Shelving location | Date acquired | Total checkouts | Full call number | Barcode | Date last seen | Price effective from | Koha item type |
|---|---|---|---|---|---|---|---|---|---|---|---|---|---|
| Biblioteca Prof. Eusebio Cleto del Rey | Biblioteca Prof. Eusebio Cleto del Rey | 07/04/2026 | 16 R763 18ed. | L20955 | 07/04/2026 | 07/04/2026 | Libro | ||||||
| Biblioteca Prof. Eusebio Cleto del Rey | Biblioteca Prof. Eusebio Cleto del Rey | 07/04/2026 | 16 R763 18ed. | L20956 | 07/04/2026 | 07/04/2026 | Libro | ||||||
| Biblioteca Prof. Eusebio Cleto del Rey | Biblioteca Prof. Eusebio Cleto del Rey | 07/04/2026 | 16 R763 18ed. | L20957 | 07/04/2026 | 07/04/2026 | Libro |